00486pab a2200145 454500008004000000100001700040245012900057260000900186300001500195362000800210650003200218650002400250650001500274773005100289180718b2012 xxu||||| |||| 00| 0 eng d aBiondi, Yuri aShould business and non-business accounting be different? A comparative perspective applied to the French central government c2012 ap.603-619. aJul aCentral government - France aAccounting - France aAccounting aInternational Journal of Public Administration